[Event "SVK-chT 1617"]
[Site "Slovakia"]
[Date "2017.02.19"]
[Round "8.1"]
[White "Cuker, Dusan"]
[Black "Kantorik, Marian"]
[Result "1/2-1/2"]
[WhiteElo "2096"]
[BlackElo "2251"]
[PlyCount "51"]
[EventDate "2016.10.22"]
[EventType "team-tourn"]
[EventRounds "11"]
[EventCountry "SVK"]
[SourceTitle "CBM 177 Extra"]
[Source "ChessBase"]
[SourceDate "2017.04.27"]
[SourceVersion "1"]
[SourceVersionDate "2017.04.27"]
[SourceQuality "1"]
[WhiteTeam "Sabinov"]
[BlackTeam "Dunajov Inbest"]
[WhiteTeamCountry "SVK"]
[BlackTeamCountry "SVK"]

1. d4 Nf6 2. Nf3 e6 3. e3 b6 4. Bd3 Bb7 5. Nbd2 d5 6. 0-0 Nbd7 7. Ne5 Bd6 8. f4 0-0 9. Qf3 c5 10. c3 Rc8 11. g4 g6 12. Rf2 Ne8 13. Qh3 Bxe5 14. fxe5 f6 15. exf6 Rxf6 16. Nf3 Qe7 17. Bd2 Nd6 18. Raf1 Rcf8 19. Be1 Nc4 20. Bxc4 dxc4 21. Nd2 cxd4 22. exd4 Rxf2 23. Rxf2 Rxf2 24. Bxf2 Qg5 25. Be3 Qd5 26. Qg3 1/2-1/2

[Event "SVK-chT2D 1617"]
[Site "Slovakia"]
[Date "2016.10.09"]
[Round "2.2"]
[White "Cuker, Dusan"]
[Black "Csolto, Tibor Jr"]
[Result "1/2-1/2"]
[WhiteElo "2094"]
[BlackElo "2230"]
[PlyCount "107"]
[EventDate "2016.10.08"]
[EventType "team-tourn"]
[EventRounds "11"]
[EventCountry "SVK"]
[SourceTitle "EXT 2018"]
[Source "ChessBase"]
[SourceDate "2017.10.13"]
[SourceVersion "1"]
[SourceVersionDate "2017.10.13"]
[SourceQuality "1"]
[WhiteTeam "Sabinov II"]
[BlackTeam "Kosice 1 CC"]
[WhiteTeamCountry "SVK"]
[BlackTeamCountry "SVK"]

1. d4 Nf6 2. Nf3 g6 3. Bf4 Bg7 4. e3 d6 5. Bd3 Nbd7 6. h3 0-0 7. 0-0 Re8 8. Bg3 Nh5 9. Bh4 c6 10. Nbd2 Qc7 11. c3 e5 12. dxe5 dxe5 13. Bc4 Nb6 14. Bb3 Nf6 15. Ng5 Rf8 16. Nge4 Nbd5 17. Nxf6+ Bxf6 18. Bxf6 Nxf6 19. Qf3 Kg7 20. Rad1 b5 21. Ne4 Nxe4 22. Qxe4 Bf5 23. Qf3 Rad8 24. Rxd8 Rxd8 25. Rd1 Rxd1+ 26. Qxd1 c5 27. Bc2 Qd7 28. Qxd7 Bxd7 29. f3 g5 30. Be4 f5 31. Bd5 a5 32. a3 b4 33. axb4 axb4 34. cxb4 cxb4 35. Kf2 Kf6 36. g3 f4 37. exf4 exf4 38. gxf4 gxf4 39. Be4 h6 40. h4 Ke5 41. Ke2 Kd4 42. Kd2 Bb5 43. Bb7 Bd3 44. Bc6 Bf5 45. Bb5 Bg6 46. Ba6 Bh5 47. Bb7 Bf7 48. Be4 Kc4 49. Kc2 Be6 50. Kd2 Kd4 51. Bb7 Bc4 52. Be4 Ke5 53. Ke1 Kd4 54. Kd2 1/2-1/2

[Event "SVK-chT2D 14/15"]
[Site "Slovakia"]
[Date "2014.12.06"]
[Round "5.5"]
[White "Cuker, Dusan"]
[Black "Volcko, Richard"]
[Result "1-0"]
[WhiteElo "2111"]
[BlackElo "1850"]
[PlyCount "53"]
[EventDate "2014.10.11"]
[EventType "team-tourn"]
[EventRounds "11"]
[EventCountry "SVK"]
[SourceTitle "EXT 2019"]
[Source "ChessBase"]
[SourceDate "2018.10.10"]
[SourceVersion "1"]
[SourceVersionDate "2018.10.10"]
[SourceQuality "1"]
[WhiteTeam "Sabinov II"]
[BlackTeam "Bardejov BSK"]
[WhiteTeamCountry "SVK"]
[BlackTeamCountry "SVK"]

1. e4 e5 2. Nf3 Nc6 3. d4 exd4 4. Nxd4 Bc5 5. Be3 Qf6 6. Nb5 Bxe3 7. fxe3 Qh4+ 8. g3 Qxe4 9. Nxc7+ Kd8 10. Nxa8 Qxh1 11. Qd6 Nf6 12. Nd2 Qd5 13. Qc7+ Ke7 14. 0-0-0 Qe5 15. Ne4 Qxc7 16. Nxc7 Rd8 17. Nd6 a6 18. c4 Kf8 19. Be2 Ne5 20. c5 h6 21. Rf1 Ke7 22. Rf5 Nc6 23. Nd5+ Nxd5 24. Rxf7+ Ke6 25. Bg4+ Ke5 26. Rf5+ Ke6 27. Rf4+ 1-0

[Event "SVK-chT1E 1314"]
[Site "Slovakia"]
[Date "2013.11.16"]
[Round "3.6"]
[White "Cuker, Dusan"]
[Black "Tropp, Frantisek"]
[Result "1/2-1/2"]
[WhiteElo "2107"]
[BlackElo "2091"]
[PlyCount "80"]
[EventDate "2013.10.12"]
[EventType "team-tourn"]
[EventRounds "11"]
[EventCountry "SVK"]
[SourceTitle "EXT 2015"]
[Source "ChessBase"]
[SourceDate "2014.11.20"]
[SourceVersion "1"]
[SourceVersionDate "2014.11.20"]
[SourceQuality "1"]
[WhiteTeam "Sabinov"]
[BlackTeam "Liptov Chess School"]
[WhiteTeamCountry "SVK"]
[BlackTeamCountry "SVK"]

1. d4 Nf6 2. Nf3 d5 3. e3 Bf5 4. c4 e6 5. Qb3 Qc8 6. Nc3 c6 7. Bd2 Bd6 8. Rc1 Nbd7 9. cxd5 exd5 10. Nb5 Bc7 11. Nxc7+ Qxc7 12. Bd3 Bxd3 13. Qxd3 0-0 14. 0-0 Rfe8 15. Bc3 Ne4 16. Nd2 Ndf6 17. f3 Nxd2 18. Bxd2 Re6 19. Rce1 Rae8 20. a3 a6 21. Re2 Qb6 22. Bc3 Qb5 23. Qxb5 axb5 24. Rfe1 Nd7 25. e4 dxe4 26. Rxe4 Nb6 27. Rxe6 fxe6 28. Bd2 Kf7 29. Kf2 Ra8 30. Re4 Nd5 31. Ke2 b4 32. Bxb4 Nxb4 33. axb4 Ra2 34. Rf4+ Ke7 35. Rg4 g6 36. Kd3 Rxb2 37. Kc3 Rf2 38. h4 b5 39. Rg5 Rf1 40. Kd3 Rb1 1/2-1/2

[Event "SVK-chT1E 1213"]
[Site "Slovakia"]
[Date "2013.02.23"]
[Round "8.6"]
[White "Cuker, Dusan"]
[Black "Staffen, Richard"]
[Result "1-0"]
[WhiteElo "2115"]
[BlackElo "1883"]
[PlyCount "67"]
[EventDate "2012.10.20"]
[EventType "team-tourn"]
[EventRounds "11"]
[EventCountry "SVK"]
[SourceTitle "EXT 2015"]
[Source "ChessBase"]
[SourceDate "2014.11.20"]
[SourceVersion "1"]
[SourceVersionDate "2014.11.20"]
[SourceQuality "1"]
[WhiteTeam "Sabinov"]
[BlackTeam "Zilina Mladost"]
[WhiteTeamCountry "SVK"]
[BlackTeamCountry "SVK"]

1. d4 d5 2. Nf3 c6 3. e3 Nf6 4. c4 e6 5. Nbd2 Be7 6. Bd3 0-0 7. 0-0 Nbd7 8. e4 dxe4 9. Nxe4 Nxe4 10. Bxe4 Nf6 11. Bc2 b6 12. Bg5 h6 13. Bh4 Bb7 14. Qd3 g6 15. Ne5 Qe8 16. Rfe1 Bc8 17. Ba4 Bd7 18. Rad1 c5 19. Nxd7 Nxd7 20. Bxe7 Qxe7 21. d5 Rad8 22. Qh3 e5 23. Bxd7 Rxd7 24. Qxh6 Re8 25. Re4 Qf8 26. Qe3 Qe7 27. f4 f6 28. Re1 Rf8 29. Qg3 Qg7 30. fxe5 fxe5 31. Qxe5 Rdf7 32. Qxg7+ Kxg7 33. Re7 Kf6 34. Rxf7+ 1-0

[Event "SVK-chT1E 1112"]
[Site "Slovakia"]
[Date "2011.11.12"]
[Round "3.7"]
[White "Cuker, Dusan"]
[Black "Krajnak, Jan"]
[Result "0-1"]
[WhiteElo "2124"]
[BlackElo "2065"]
[PlyCount "64"]
[EventDate "2011.10.15"]
[EventType "team-tourn"]
[EventRounds "11"]
[EventCountry "SVK"]
[SourceTitle "EXT 2013"]
[Source "ChessBase"]
[SourceDate "2012.11.22"]
[SourceVersion "1"]
[SourceVersionDate "2012.11.22"]
[SourceQuality "1"]
[WhiteTeam "Sabinov"]
[BlackTeam "Svit"]
[WhiteTeamCountry "SVK"]
[BlackTeamCountry "SVK"]

1. d4 c5 2. e3 Nf6 3. Nf3 d6 4. c3 Qb6 5. Bd3 Bg4 6. Nbd2 Nbd7 7. 0-0 e5 8. dxe5 Nxe5 9. Be2 Bxf3 10. Bxf3 0-0-0 11. Qe2 g5 12. Nc4 Nxc4 13. Qxc4 d5 14. Qa4 h5 15. Bd2 g4 16. Be2 Ne4 17. Rfd1 c4 18. b3 Qf6 19. Be1 cxb3 20. axb3 Bc5 21. c4 d4 22. exd4 Rxd4 23. Qa2 Rhd8 24. b4 Rxd1 25. Bxd1 Rd2 26. Qxd2 Nxd2 27. Ra4 Nf3+ 28. Bxf3 gxf3 29. bxc5 Qg6 30. g3 Qb1 31. Kf1 Qd3+ 32. Kg1 Qd1 0-1

[Event "SVK-chT2D 10/11"]
[Site "Slovakia"]
[Date "2011.03.05"]
[Round "8.4"]
[White "Sremanak, Slavomir"]
[Black "Cuker, Dusan"]
[Result "0-1"]
[WhiteElo "2175"]
[BlackElo "2078"]
[PlyCount "90"]
[EventDate "2010.10.23"]
[EventType "team-tourn"]
[EventRounds "11"]
[EventCountry "SVK"]
[SourceTitle "EXT 2019"]
[Source "ChessBase"]
[SourceDate "2018.10.10"]
[SourceVersion "1"]
[SourceVersionDate "2018.10.10"]
[SourceQuality "1"]
[WhiteTeam "Margecany OSK"]
[BlackTeam "Sabinov II"]
[WhiteTeamCountry "SVK"]
[BlackTeamCountry "SVK"]

1. e4 c5 2. Nc3 d6 3. g4 g6 4. Bg2 Nc6 5. h3 Bg7 6. Nge2 Nf6 7. Ng3 0-0 8. d3 Nd7 9. Be3 Qa5 10. 0-0 b5 11. e5 Bb7 12. exd6 exd6 13. Nge4 b4 14. Nd5 Bxb2 15. Nxd6 Ba6 16. Bh6 Be5 17. Ne4 Rfe8 18. Bf4 Rad8 19. Bxe5 Rxe5 20. Ndf6+ Nxf6 21. Nxf6+ Kg7 22. f4 Re6 23. g5 Nd4 24. Qg4 c4 25. Qh4 h5 26. gxh6+ Kh8 27. Ng4 Qb6 28. Rf2 Nf5 29. Qg5 cxd3 30. cxd3 Rxd3 31. Kh2 Kh7 32. Rc1 f6 33. Nxf6+ Rxf6 34. Rfc2 Rg3 35. Rc7+ Kh8 36. Rd1 Rxg2+ 37. Kh1 Rh2+ 38. Kxh2 Qf2+ 39. Kh1 Qf3+ 40. Kh2 Qe2+ 41. Qg2 Qxg2+ 42. Kxg2 Ne3+ 43. Kf3 Nxd1 44. Kg4 Nf2+ 45. Kh4 Ne4 0-1

[Event "SVK-chT1E 1011"]
[Site "Slovakia"]
[Date "2011.01.09"]
[Round "5.4"]
[White "Belis, Rudolf"]
[Black "Cuker, Dusan"]
[Result "1-0"]
[WhiteElo "2121"]
[BlackElo "2078"]
[PlyCount "97"]
[EventDate "2010.11.06"]
[EventType "team-tourn"]
[EventRounds "11"]
[EventCountry "SVK"]
[SourceTitle "EXT 2012"]
[Source "ChessBase"]
[SourceDate "2011.11.24"]
[SourceVersion "1"]
[SourceVersionDate "2011.11.24"]
[SourceQuality "1"]
[WhiteTeam "Presov"]
[BlackTeam "Sabinov"]
[WhiteTeamCountry "SVK"]
[BlackTeamCountry "SVK"]

1. d4 d5 2. c4 c6 3. Nf3 Nf6 4. Nc3 dxc4 5. a4 Bf5 6. e3 e6 7. Bxc4 Bb4 8. 0-0 0-0 9. Qe2 Nbd7 10. Rd1 Bg6 11. Na2 Bd6 12. Ne5 Bh5 13. g4 Bxe5 14. gxh5 Bc7 15. f4 Nd5 16. Qg4 f5 17. Qf3 Qh4 18. Bd2 N7f6 19. Be2 Ne4 20. Be1 Qe7 21. Nc3 Nef6 22. Bh4 Qf7 23. h3 Ba5 24. Rac1 Rae8 25. Kh1 Kh8 26. Rg1 Rg8 27. Be1 Bc7 28. Bd2 Ref8 29. Rg5 Ba5 30. Rg2 Nb6 31. b3 Bb4 32. Nb1 Qe7 33. Bd3 Nbd5 34. Rcg1 a5 35. Bc1 Qf7 36. Be2 Ne4 37. Bd1 Ndc3 38. Nxc3 Nxc3 39. Bc2 c5 40. dxc5 Bxc5 41. Bb2 Qf6 42. Rg6 Qh4 43. Bxc3 hxg6 44. hxg6 Be7 45. Be1 Qh6 46. Kh2 Rf6 47. Rg5 Rc8 48. Bd3 Rxg6 49. Rh5 1-0

[Event "SVK-chT1E 1011"]
[Site "Slovakia"]
[Date "2010.12.11"]
[Round "3.5"]
[White "Cuker, Dusan"]
[Black "Tomcik, Milan"]
[Result "1/2-1/2"]
[WhiteElo "2078"]
[BlackElo "2088"]
[PlyCount "52"]
[EventDate "2010.11.06"]
[EventType "team-tourn"]
[EventRounds "11"]
[EventCountry "SVK"]
[SourceTitle "EXT 2012"]
[Source "ChessBase"]
[SourceDate "2011.11.24"]
[SourceVersion "1"]
[SourceVersionDate "2011.11.24"]
[SourceQuality "1"]
[WhiteTeam "Sabinov"]
[BlackTeam "Rajecke Teplice"]
[WhiteTeamCountry "SVK"]
[BlackTeamCountry "SVK"]

1. d4 Nf6 2. Nf3 e6 3. e3 c5 4. c3 b6 5. Bd3 Bb7 6. Nbd2 d5 7. Ne5 Nbd7 8. f4 g6 9. Qf3 Qc7 10. 0-0 Bg7 11. g4 Rf8 12. g5 Nh5 13. Qh3 Bxe5 14. fxe5 0-0-0 15. Nf3 Nb8 16. Rf2 Ba6 17. Qf1 Bxd3 18. Qxd3 Ng7 19. b3 Nf5 20. a4 Qc6 21. Ba3 Rh8 22. a5 c4 23. bxc4 dxc4 24. Qe2 b5 25. e4 Ng7 26. Bd6 a6 1/2-1/2

[Event "SVK-chT2D 0910"]
[Site "Slovakia"]
[Date "2010.02.27"]
[Round "10.6"]
[White "Pcola, Jaroslav1111"]
[Black "Cuker, Dusan"]
[Result "1-0"]
[WhiteElo "2147"]
[BlackElo "2036"]
[PlyCount "85"]
[EventDate "2009.10.10"]
[EventType "team"]
[EventRounds "11"]
[EventCountry "SVK"]
[SourceTitle "EXT 2011"]
[Source "ChessBase"]
[SourceDate "2010.11.26"]
[SourceVersion "1"]
[SourceVersionDate "2010.11.26"]
[SourceQuality "1"]
[WhiteTeam "Humenne"]
[BlackTeam "Sabinov II"]
[WhiteTeamCountry "SVK"]
[BlackTeamCountry "SVK"]

1. e4 c5 2. Nc3 d6 3. g3 g6 4. Bg2 Bg7 5. Nge2 Nc6 6. 0-0 e6 7. d3 Nge7 8. f4 0-0 9. Be3 b6 10. Qd2 Ba6 11. f5 Nc8 12. Bh6 e5 13. f6 Bxf6 14. Bxf8 Kxf8 15. Rxf6 Qxf6 16. Nd5 Qg7 17. Nc7 Bb7 18. Nxa8 Bxa8 19. Rf1 N8e7 20. Bh3 Kg8 21. Qg5 d5 22. Nc3 h6 23. Qh4 g5 24. Qg4 dxe4 25. Nxe4 f5 26. Qh5 Nd4 27. c3 Bxe4 28. dxe4 g4 29. cxd4 gxh3 30. exf5 Qg5 31. Qxg5+ hxg5 32. dxe5 Kg7 33. g4 Nc6 34. Re1 b5 35. Kf2 c4 36. Kf3 b4 37. Ke4 b3 38. axb3 cxb3 39. Kd5 Nb4+ 40. Kc4 Nc2 41. Re2 a5 42. Kc3 a4 43. Rxc2 1-0

[Event "SVK-chT1E 0910"]
[Site "Slovakia"]
[Date "2010.01.16"]
[Round "6.2"]
[White "Cuker, Dusan"]
[Black "Stric, Dusan"]
[Result "1/2-1/2"]
[WhiteElo "2036"]
[BlackElo "2068"]
[PlyCount "21"]
[EventDate "2009.10.17"]
[EventType "team"]
[EventRounds "11"]
[EventCountry "SVK"]
[SourceTitle "EXT 2011"]
[Source "ChessBase"]
[SourceDate "2010.11.26"]
[SourceVersion "1"]
[SourceVersionDate "2010.11.26"]
[SourceQuality "1"]
[WhiteTeam "Sabinov"]
[BlackTeam "Liptov"]
[WhiteTeamCountry "SVK"]
[BlackTeamCountry "SVK"]

1. d4 g6 2. Nf3 Bg7 3. Nbd2 d6 4. e4 Nd7 5. Bd3 e5 6. c3 Ne7 7. 0-0 0-0 8. Re1 Nc6 9. Nb3 a5 10. a4 b6 11. Be3 1/2-1/2

[Event "SVK-chT2D 0910"]
[Site "Slovakia"]
[Date "2010.01.10"]
[Round "7.1"]
[White "Koval, Maros"]
[Black "Cuker, Dusan"]
[Result "1/2-1/2"]
[WhiteElo "2135"]
[BlackElo "2036"]
[PlyCount "26"]
[EventDate "2009.10.10"]
[EventType "team"]
[EventRounds "11"]
[EventCountry "SVK"]
[SourceTitle "EXT 2011"]
[Source "ChessBase"]
[SourceDate "2010.11.26"]
[SourceVersion "1"]
[SourceVersionDate "2010.11.26"]
[SourceQuality "1"]
[WhiteTeam "Presov PSK"]
[BlackTeam "Sabinov II"]
[WhiteTeamCountry "SVK"]
[BlackTeamCountry "SVK"]

1. Nf3 Nf6 2. d4 e6 3. Bg5 Be7 4. e3 b6 5. c4 Bb7 6. Nc3 d5 7. Rc1 0-0 8. Be2 Nbd7 9. 0-0 c5 10. dxc5 Nxc5 11. Bxf6 Bxf6 12. cxd5 Bxc3 13. Rxc3 Bxd5 1/2-1/2

[Event "SVK-chT2D 0910"]
[Site "Slovakia"]
[Date "2009.11.08"]
[Round "4.3"]
[White "Cuker, Dusan"]
[Black "Tauber, Marek"]
[Result "1/2-1/2"]
[WhiteElo "2036"]
[BlackElo "2187"]
[PlyCount "81"]
[EventDate "2009.10.10"]
[EventType "team"]
[EventRounds "11"]
[EventCountry "SVK"]
[SourceTitle "EXT 2011"]
[Source "ChessBase"]
[SourceDate "2010.11.26"]
[SourceVersion "1"]
[SourceVersionDate "2010.11.26"]
[SourceQuality "1"]
[WhiteTeam "Sabinov II"]
[BlackTeam "Kezmarok II"]
[WhiteTeamCountry "SVK"]
[BlackTeamCountry "SVK"]

1. e4 c5 2. Nf3 e6 3. d4 cxd4 4. Nxd4 Nf6 5. Nc3 Nc6 6. Nxc6 bxc6 7. e5 Nd5 8. Ne4 Qc7 9. f4 Qb6 10. c4 Bb4+ 11. Ke2 Ba6 12. Kf3 f5 13. exf6 Nxf6 14. c5 Qa5 15. Nxf6+ gxf6 16. Bxa6 Qxa6 17. Qd4 Ba5 18. Be3 Bd8 19. Rhd1 Qb7 20. Kf2 Be7 21. Rac1 Rd8 22. b3 0-0 23. Kg1 Rf7 24. Qe4 Qc7 25. Bd4 Rb8 26. Rd3 Rb5 27. Rg3+ Kh8 28. Rgc3 Qa5 29. Qe2 Rb4 30. Qh5 Kg8 31. Rg3+ Kf8 32. Qh6+ Ke8 33. Rg8+ Bf8 34. Bxf6 Re4 35. h3 Qd2 36. Rf1 Qe3+ 37. Kh1 Qxc5 38. Bg7 Qe7 39. Rxf8+ Rxf8 40. Bxf8 Qxf8 41. Qxh7 1/2-1/2

[Event "SVK-chT1E 0910"]
[Site "Slovakia"]
[Date "2009.10.17"]
[Round "1.3"]
[White "Stec, Juraj"]
[Black "Cuker, Dusan"]
[Result "1/2-1/2"]
[WhiteElo "2041"]
[BlackElo "2036"]
[PlyCount "34"]
[EventDate "2009.10.17"]
[EventType "team"]
[EventRounds "11"]
[EventCountry "SVK"]
[SourceTitle "EXT 2011"]
[Source "ChessBase"]
[SourceDate "2010.11.26"]
[SourceVersion "1"]
[SourceVersionDate "2010.11.26"]
[SourceQuality "1"]
[WhiteTeam "Kosice"]
[BlackTeam "Sabinov"]
[WhiteTeamCountry "SVK"]
[BlackTeamCountry "SVK"]

1. e4 c5 2. Nf3 d6 3. Bb5+ Nd7 4. c3 Ngf6 5. d3 a6 6. Ba4 b5 7. Bb3 e6 8. 0-0 Be7 9. Bg5 Bb7 10. Nbd2 h6 11. Bxf6 Bxf6 12. d4 0-0 13. Re1 cxd4 14. Nxd4 Nc5 15. Bc2 b4 16. cxb4 Bxd4 17. bxc5 Bxc5 1/2-1/2

[Event "Tatry op"]
[Site "Tatranske Zruby"]
[Date "2009.09.28"]
[Round "2"]
[White "Cuker, Dusan"]
[Black "Csala, Jan"]
[Result "0-1"]
[WhiteElo "2036"]
[BlackElo "2188"]
[PlyCount "98"]
[EventDate "2009.09.27"]
[EventType "swiss"]
[EventRounds "9"]
[EventCountry "SVK"]
[SourceTitle "EXT 2011"]
[Source "ChessBase"]
[SourceDate "2010.11.26"]
[SourceVersion "1"]
[SourceVersionDate "2010.11.26"]
[SourceQuality "1"]

1. d4 Nf6 2. Nf3 g6 3. Nbd2 d5 4. e3 Bg7 5. b4 0-0 6. Be2 Bf5 7. c4 Nc6 8. a3 e5 9. dxe5 Ng4 10. 0-0 Ngxe5 11. Ra2 Nd3 12. cxd5 Qxd5 13. Qb3 Qd7 14. Bxd3 Bxd3 15. Re1 Bf5 16. Qa4 Qd5 17. Qb3 Qb5 18. Qc4 Qxc4 19. Nxc4 Bb1 20. Rb2 Bd3 21. Ncd2 Bxb2 22. Bxb2 f6 23. Nd4 Nxd4 24. Bxd4 a5 25. bxa5 Rxa5 26. Nb3 Rxa3 27. Nc5 b6 28. Nd7 Rd8 29. Nxf6+ Kf7 30. Ng4 c5 31. Bb2 Rb3 32. Ba1 Ke6 33. Ne5 Ra8 34. Nxd3 Rxd3 35. g4 Rad8 36. Bg7 Rd1 37. Rxd1 Rxd1+ 38. Kg2 c4 39. h3 b5 40. Kf3 b4 41. Ke2 Rh1 42. Bf8 b3 43. Bg7 Rxh3 44. e4 Rh1 45. Kd2 Rf1 46. Bd4 h5 47. Kc3 Rc1+ 48. Kb4 Rc2 49. Ka3 Ra2+ 0-1

[Event "SVK-chT1E 0809"]
[Site "Slovakia"]
[Date "2009.03.07"]
[Round "10.1"]
[White "Klein, Peter"]
[Black "Cuker, Dusan"]
[Result "1/2-1/2"]
[WhiteElo "2064"]
[BlackElo "2014"]
[PlyCount "32"]
[EventDate "2008.10.18"]
[EventType "team-tourn"]
[EventRounds "11"]
[EventCountry "SVK"]
[SourceTitle "EXT 2010"]
[Source "ChessBase"]
[SourceDate "2010.11.25"]
[SourceVersion "1"]
[SourceVersionDate "2010.11.25"]
[SourceQuality "1"]
[WhiteTeam "Filakovo"]
[BlackTeam "Sabinov"]
[WhiteTeamCountry "SVK"]
[BlackTeamCountry "SVK"]

1. e4 c5 2. Nc3 d6 3. g3 g6 4. Bg2 Bg7 5. d3 Nc6 6. Bd2 e6 7. Rb1 Nge7 8. f4 0-0 9. Nf3 Nd4 10. 0-0 Rb8 11. Ne2 Nxf3+ 12. Bxf3 b6 13. Be3 Bb7 14. g4 f5 15. Ng3 Qd7 16. c3 d5 1/2-1/2

[Event "SVK-chT1E 0708"]
[Site "Slovakia"]
[Date "2007.12.09"]
[Round "6.3"]
[White "Cuker, Dusan"]
[Black "Klein, Peter"]
[Result "1/2-1/2"]
[WhiteElo "2043"]
[BlackElo "2078"]
[PlyCount "41"]
[EventDate "2007.10.13"]
[EventType "team-swiss"]
[EventRounds "11"]
[EventCountry "SVK"]
[SourceTitle "EXT 2009"]
[Source "ChessBase"]
[SourceDate "2008.11.26"]
[SourceVersion "1"]
[SourceVersionDate "2008.11.26"]
[SourceQuality "1"]
[WhiteTeam "Sabinov"]
[BlackTeam "Filakovo"]
[WhiteTeamCountry "SVK"]
[BlackTeamCountry "SVK"]

1. d4 d5 2. Nf3 c6 3. e3 e6 4. Bd3 Nf6 5. Nbd2 Nbd7 6. 0-0 Bd6 7. Qe2 0-0 8. e4 dxe4 9. Nxe4 Nxe4 10. Qxe4 Nf6 11. Qh4 Be7 12. Re1 g6 13. Bg5 Re8 14. Rad1 Bd7 15. c3 Nh5 16. Bxe7 Qxe7 17. Qe4 Qf6 18. Ne5 Re7 19. g3 Rae8 20. Be2 Qg5 21. Bxh5 1/2-1/2

[Event "SVK-chT1E 0708"]
[Site "Slovakia"]
[Date "2007.12.08"]
[Round "5.4"]
[White "Vrabel, Michal"]
[Black "Cuker, Dusan"]
[Result "1-0"]
[WhiteElo "2000"]
[BlackElo "2043"]
[PlyCount "107"]
[EventDate "2007.10.13"]
[EventType "team-swiss"]
[EventRounds "11"]
[EventCountry "SVK"]
[SourceTitle "EXT 2009"]
[Source "ChessBase"]
[SourceDate "2008.11.26"]
[SourceVersion "1"]
[SourceVersionDate "2008.11.26"]
[SourceQuality "1"]
[WhiteTeam "Presov Tatran"]
[BlackTeam "Sabinov"]
[WhiteTeamCountry "SVK"]
[BlackTeamCountry "SVK"]

1. e4 e6 2. d4 d5 3. Nd2 Nf6 4. e5 Nfd7 5. Bd3 c5 6. c3 Nc6 7. Ne2 cxd4 8. cxd4 f6 9. exf6 Nxf6 10. 0-0 Bd6 11. Nf3 0-0 12. Bf4 Bxf4 13. Nxf4 Ne4 14. g3 Qf6 15. h4 h6 16. Bxe4 dxe4 17. Ne5 Rd8 18. Nxc6 bxc6 19. Qa4 Qxd4 20. Qc2 Bd7 21. Rad1 Qf6 22. Qxe4 e5 23. Nd3 Bf5 24. Qc4+ Kh7 25. Nb4 Rxd1 26. Rxd1 Rf8 27. Qxc6 Qxc6 28. Nxc6 e4 29. Nxa7 Bg4 30. Rd4 Bf3 31. Nb5 Rb8 32. a4 Rc8 33. Nc3 Rb8 34. Rd2 g5 35. hxg5 hxg5 36. Kf1 Kg6 37. Ke1 e3 38. fxe3 Kf5 39. Kf2 g4 40. Kg1 Re8 41. e4+ Ke5 42. Kf2 Rh8 43. Ke3 Rh1 44. Rd5+ Ke6 45. a5 Ra1 46. Kd3 Re1 47. Rd4 Ke5 48. Kc4 Bg2 49. Kc5 Ra1 50. b4 Rc1 51. Rd5+ Ke6 52. Kd4 Ra1 53. Rg5 Bf3 54. a6 1-0

[Event "SVK-chT1E 0708"]
[Site "Slovakia"]
[Date "2007.11.10"]
[Round "3.3"]
[White "Cuker, Dusan"]
[Black "Stec, Juraj"]
[Result "1/2-1/2"]
[WhiteElo "2043"]
[BlackElo "2028"]
[PlyCount "56"]
[EventDate "2007.10.13"]
[EventType "team-swiss"]
[EventRounds "11"]
[EventCountry "SVK"]
[SourceTitle "EXT 2009"]
[Source "ChessBase"]
[SourceDate "2008.11.26"]
[SourceVersion "1"]
[SourceVersionDate "2008.11.26"]
[SourceQuality "1"]
[WhiteTeam "Sabinov"]
[BlackTeam "Kosice Slavia UPJS III"]
[WhiteTeamCountry "SVK"]
[BlackTeamCountry "SVK"]

1. d4 d5 2. Nf3 Nf6 3. e3 Bg4 4. c4 c6 5. Qb3 Qb6 6. c5 Qxb3 7. axb3 Nbd7 8. b4 Bxf3 9. gxf3 e5 10. b5 cxb5 11. Bxb5 exd4 12. exd4 Be7 13. Nc3 0-0 14. Bxd7 Nxd7 15. Nxd5 Bh4 16. Be3 a6 17. 0-0 Rad8 18. Nc3 Nf6 19. b4 Nd5 20. Nxd5 Rxd5 21. b5 axb5 22. Rab1 b6 23. Rxb5 bxc5 24. Rxc5 Rd7 25. Rd1 Be7 26. Rb5 Rfd8 27. Kg2 Bd6 28. d5 f6 1/2-1/2

[Event "SVK-ch op-A"]
[Site "Banska Stiavnica"]
[Date "2007.07.13"]
[Round "7.49"]
[White "Cuker, Dusan"]
[Black "Justus, Ivan"]
[Result "1-0"]
[WhiteElo "2025"]
[BlackElo "2105"]
[PlyCount "105"]
[EventDate "2007.07.07"]
[EventType "swiss"]
[EventRounds "9"]
[EventCountry "SVK"]
[SourceTitle "EXT 2010"]
[Source "ChessBase"]
[SourceDate "2010.11.25"]
[SourceVersion "1"]
[SourceVersionDate "2010.11.25"]
[SourceQuality "1"]

1. d4 Nf6 2. Nf3 g6 3. Nbd2 Bg7 4. e4 d6 5. Bd3 Nc6 6. c3 0-0 7. 0-0 e5 8. Re1 Qe7 9. a4 Nh5 10. Nb3 Bg4 11. Bc4 Bxf3 12. Qxf3 exd4 13. cxd4 Nxd4 14. Nxd4 Bxd4 15. Ra3 c6 16. Rd3 Be5 17. b3 Ng7 18. Bh6 a6 19. a5 Rae8 20. g3 Qc7 21. b4 Kh8 22. Qd1 Qe7 23. f4 d5 24. exd5 Bd4+ 25. Kf1 Qxb4 26. Rxd4 Qxe1+ 27. Qxe1 Rxe1+ 28. Kxe1 Re8+ 29. Kf2 Nf5 30. Rd1 Nxh6 31. dxc6 bxc6 32. Kf3 Nf5 33. g4 Re3+ 34. Kf2 Rc3 35. Bxa6 Ne3 36. Rd3 Nxg4+ 37. Kg3 Rxd3+ 38. Bxd3 Nf6 39. a6 Nd7 40. a7 Nb6 41. Ba6 c5 42. Bb7 c4 43. Kf3 Kg7 44. Ke3 Kf6 45. Kd4 Kf5 46. Be4+ Kxf4 47. Kc5 Na8 48. Bxa8 c3 49. Be4 Kxe4 50. a8Q+ Kd3 51. Qa3 Kd2 52. Kc4 c2 53. Qd3+ 1-0

[Event "SVK-ch op-A"]
[Site "Banska Stiavnica"]
[Date "2007.07.12"]
[Round "6.43"]
[White "Najgebauer, Szemjon"]
[Black "Cuker, Dusan"]
[Result "1/2-1/2"]
[WhiteElo "2132"]
[BlackElo "2025"]
[PlyCount "43"]
[EventDate "2007.07.07"]
[EventType "swiss"]
[EventRounds "9"]
[EventCountry "SVK"]
[SourceTitle "EXT 2010"]
[Source "ChessBase"]
[SourceDate "2010.11.25"]
[SourceVersion "1"]
[SourceVersionDate "2010.11.25"]
[SourceQuality "1"]

1. d4 d5 2. c4 c6 3. e3 e6 4. Nf3 Nf6 5. Nc3 Nbd7 6. b3 Bd6 7. Bb2 0-0 8. Bd3 Qe7 9. 0-0 e5 10. dxe5 Nxe5 11. cxd5 Nxf3+ 12. gxf3 Nxd5 13. Ne4 Bh3 14. Re1 Bb4 15. f4 Bxe1 16. Qh5 g6 17. Qxh3 f5 18. Ng5 Bc3 19. Ba3 Bb4 20. Bb2 Bc3 21. Ba3 Bb4 22. Bb2 1/2-1/2